| 000 | 00700nam a2200241 i 4500 | ||
|---|---|---|---|
| 001 | 18562 | ||
| 003 | ES-MaACL | ||
| 005 | 20230906151852.0 | ||
| 007 | t| | ||
| 008 | 011031s2000 ag ||||1| spa d | ||
| 020 | _a987-9396-44-8 | ||
| 080 | _a929 Gershwin, George | ||
| 080 | _a78 Gershwin, George | ||
| 100 | 1 |
_aJablonski, Edward. _965789 |
|
| 245 | 1 | 3 |
_aEl mundo de Gershwin / _cEdward Jablonski. |
| 260 |
_aBuenos Aires : _bAdriana Hidalgo, _c[2000] |
||
| 300 |
_a271 p. : _bfot. ; _c20 cm. |
||
| 490 | 1 | _aLos sentidos / música | |
| 600 | 1 | 4 |
_aGershwin, George. _956501 |
| 830 | 0 |
_aLos sentidos / música _9228813 |
|
| 852 |
_aES-MaACL _jL-25134 _bR.130506 |
||
| 999 |
_c18562 _d18562 |
||